000 00297nam a22001337a 4500
008 171006b xxu||||| |||| 00| 0 eng d
020 _a9780130112866
041 _aeng
080 _a159.9
100 _a49
101 _aPSI
245 _aA HISTORY OF PSICHOLOGY
_cLEAHEY, TH.H
942 _2udc
_cBK
999 _c32437
_d32437